000 00350nam a2200145Ia 4500
005 20251222152624.0
008 251222s9999||||xx |||||||||||||| ||spa||
020 _a84226101116
082 _a813.54/S96
100 _aSusann, Jaqueline
245 0 _aEl Valle de las Muñecas
250 _a1ra.ed.
264 _bEdiciones Grjalbo,S.A.
942 _cLIB
999 _c27470
_d27470